000 00318nam a2200109 a 4500
005 20200930073636.0
008 111003s1982 000 spa d
100 _aSerra, Nidia
_929116
245 0 _aArte infantil en un siglo de luz.
260 _aSan Pedro de Macorís, República Dominicana,
_c 1982.
999 _c33819
_d33819
040 _aDO-SdBNP